Wiedza ogólna #1 - Statystyki

Ogólne statystyki
  • Ten quiz został rozwiązany 52 razy
  • Średni wynik to 15 z 24
Statystyki odpowiedzi
Opis Odpowiedź % Poprawnych
Państwo w Azji na K, nie kończące się na -stan Katar / Kuwejt / Kambodża / Korea Północna / Korea Południowa
92%
Po angielsku "ghost" Duch
89%
Autor powieści "Potop" Henryk Sienkiewicz
78%
Najwyższe pasmo górskie na świecie Himalaje
75%
Stolica województwa Warmińsko-mazurskiego Olsztyn
75%
Symbol tego pierwiastka chemicznego to Na Sód
75%
Służy do tłuczenia ziemniaków Tłuczek / Praska
75%
Drugie pod względem liczby ludności miasto w Niemczech Hamburg
72%
Aktor grający Jacka Dawsona w filmie "Titanic" Leonardo DiCaprio
69%
Język urzędowy w Tunezji Arabski
64%
Państwo europejskie które nie posiada oficjalnej reprezentacji FIFA/UEFA w piłce nożnej mężczyzn Watykan / Monako / Wielka Brytania
64%
Człowiek który wynalazł dynamit, jego nazwisko zostało nazwą pewnej nagrody Albert Nobel
61%
Najdłuższa rzeka w Chinach Jangcy
61%
Państwo graniczące z Hiszpanią, nie leżące w Europie (nie licząc terytoriów zależnych) Maroko
61%
Terytorium zależne od Wielkiej Brytanii graniczące z Hiszpanią Gibraltar
53%
Marka piwa lub miasto w województwie podlaskim Łomża
53%
Klub piłkarski z największą ilością wygranych tytułów Premier League Manchester United
53%
Najbardziej utytołowany tenisista w historii Novak Djoković
47%
Najlepiej sprzedająca się gra komputerowa w historii (>300mln kopii) Minecraft
44%
Stolica Kenii Nairobi
44%
Miasto znane z największej kopalni węgla brunatnego w Polsce Bełchatów
42%
Nazwa pucharu z filmu "Auta" Złoty Tłok
42%
Polski polityk, w latach 1970–1980 I sekretarz Komitetu Centralnego Polskiej Zjednoczonej Partii Robotniczej Edward Gierek
36%
Jaki król znajduje się na polskim banknocie 200zł Zygmunt I Stary
25%
Nie znaleziono quizów pasujących do podanych kryteriów
Rozkład punktacji
Procent ludzi z każdym wynikiem
Percentyl według liczby udzielonych odpowiedzi
Twoja historia wyników
Nie rozwiązałeś tego quizu